AH International Schools' Libraries

Two boys and their kite (khmer and English) / (Record no. 48598)

MARC details
000 -LEADER
fixed length control field 00397nam a2200109 4500
020 ## - INTERNATIONAL STANDARD BOOK NUMBER
International Standard Book Number 9789924370338
100 ## - MAIN ENTRY--PERSONAL NAME
Personal name Phearum, Gnea,
Relator term author.
9 (RLIN) 86123
245 ## - TITLE STATEMENT
Title Two boys and their kite (khmer and English) /
Statement of responsibility, etc written by Gnea Phearu, Illustrated by Sauphorn Aniza.
260 ## - PUBLICATION, DISTRIBUTION, ETC. (IMPRINT)
Place of publication, distribution, etc Phnom Penh, Cambodia :
Name of publisher, distributor, etc Fount of wisdom publishing house organization ;
Date of publication, distribution, etc 2023.
300 ## - PHYSICAL DESCRIPTION
Extent 23 pages.
942 ## - ADDED ENTRY ELEMENTS (KOHA)
Source of classification or shelving scheme
Koha item type Book
Holdings
Withdrawn status Lost status Source of classification or shelving scheme Damaged status Not for loan Home library Current library Date acquired Total Checkouts Full call number Barcode Date last seen Date checked out Price effective from Koha item type
          Logos International School Logos International School 03/17/2025 2 E KHMER PHE 040515 10/10/2025 07/22/2025 03/17/2025 Book

For any Logos Library related questions please contact Miss Art at swongnarasuk@asianhope.org.

For any Asian Hope Library related questions please contact Miss Raza at graza@asianhope.org.

Powered by Koha